000 00551nmm a2200193Ia 4500
008 251105s9999||||xx |||||||||||||||||und||
041 _aspa
100 _aStanislavski, Konstantín
245 0 _aMi vida en el arte
264 _a[Madrid, España] :
_bAlba Editorial,
_c2013
300 _a560 páginas
490 _aArtes escénicas
650 _aBiography
700 _aStanislavski, Konstantín
700 1 _a Saura, Jorge
700 1 _a Jakimziánova, Bibicharifa
856 _uhttps://public.digitaliapublishing.com/a/33292
942 _cCF
999 _c71694
_d71694